La Estimulación temprana: apuntes sobre sus fundamentos teóricos, bases empíricas, raíces socio-históricas; elementos para una discusión /
El trabajo ahonda en la enseñanza pre-escolar, se indica que existen múltiples posibilidades de organización. Se mencionan una serie de aspectos tendientes a señalar las inconsistencias en las premisas y orientaciones del modelo de patología social, desproporciones de un modelo como el atomicista me...
Salvato in:
| Autore principale: | |
|---|---|
| Natura: | testo |
| Lingua: | Spanish |
| Pubblicazione: |
San José, Costa Rica;
Editorial de la Universidad de Costa Rica:
1982
|
| Soggetti: | |
| Tags: |
Aggiungi Tag
Nessun Tag, puoi essere il primo ad aggiungerne!!
|
MARC
| LEADER | 00000 a a2200000 04500 | ||
|---|---|---|---|
| 001 | 14653 | ||
| 003 | cru IIS | ||
| 005 | 20210729102851.0 | ||
| 008 | 210729c1982 |||fn||| |||| 00| 0 spa d | ||
| 022 | |a 0482-5276 | ||
| 040 | |a CRAI-IIS |b SPA |c CRAI-IIS | ||
| 090 | |a REV0862 (23) 1982 | ||
| 100 | |a Chavarría, María Celina | ||
| 245 | |a La Estimulación temprana: |b apuntes sobre sus fundamentos teóricos, bases empíricas, raíces socio-históricas; elementos para una discusión / |c María Celina Chavarría | ||
| 260 | |a San José, Costa Rica; |b Editorial de la Universidad de Costa Rica: |c 1982 | ||
| 300 | |a pp. 41-56 | ||
| 500 | |a Colección Centroamérica | ||
| 520 | |a El trabajo ahonda en la enseñanza pre-escolar, se indica que existen múltiples posibilidades de organización. Se mencionan una serie de aspectos tendientes a señalar las inconsistencias en las premisas y orientaciones del modelo de patología social, desproporciones de un modelo como el atomicista mecanicista el cual carece de un verdadero respaldo científico, a la vez que se realizan comentarios relacionados con interpretaciones y aplicaciones tecnocráticas y simplistas. Dentro de esta óptica los comentarios se dirigen fuera del contexto socioeconómico y político, viendo esto como un programa avalado y apoyado por el sistema capitalista, fuera de contexto, como en muchas ocasiones resulta ser un programa de fachada. Por otra parte se sostiene que no existe duda que los problemas a los que la estimulación temprana intenta dar respuesta existan, tampoco de que en muchos de los casos la aplicación de los programas se obtengan resultados positivos y valiosos. Lo preocupante es que un término y un modelo como el de estimulación temprana pueda estar contribuyendo a cerrar las posibilidades de análisis e intervención en términos de las necesidades de las familias costarricenses en términos de la tradición humanista, además que restringe demasiado las posibiliades de organización de la experiencia del niño. LOB/LOB | ||
| 650 | |a PUB.IIS | ||
| 650 | |a ENSEÑANZA | ||
| 650 | |a PAISES EN DESARROLLO | ||
| 650 | |a CONDICIONES DE VIDA | ||
| 650 | |a IDEOLOGIAS | ||
| 650 | |a FACTORES CULTURALES | ||
| 773 | 0 | |0 18728 |9 5858 |a Universidad de Costa Rica. |d San José, Costa Rica Editorial UCR 1959- |o 21464 |t Revista de Ciencias Sociales / |x 04825276 |g número 23; páginas 41-55 | |
| 942 | |2 z |c PP |h REV0862 (23) 1982 |6 REV0862_23_1982 | ||
| 999 | |c 40002 |d 40002 | ||
